[Event "Match"]
[Site "www.echecsemail.com"]
[Date "2018.03.02"]
[Round "1"]
[White "Cal"]
[Black "Apdash"]
[WhiteElo "1630"]
[BlackElo "2250"]
[Result "0-1"]
[Round "1"]
1.c4 e5
2.e4 c6
3.d3 d5
4.cxd5 cxd5
5.a3 dxe4
6.Bc1e3 exd3
7.Bf1xd3 Ng8f6
8.h3 Bf8e7
9.Nb1c3 Nb8c6
10.Ng1f3 Bc8e6
11.O-O Nf6d5
12.Nc3e4 Nd5xe3
13.fxe3 f5
14.Ne4c3 e4
15.Bd3xe4 fxe4
16.Nc3xe4 O-O
17.b4 Be6d5
18.Ne4g3 Bd5xf3
19.gxf3 Be7h4
20.Ng3e4 Qd8xd1
21.Ra1xd1 Ra8d8
22.Rd1c1 Nc6e5
23.f4 Ne5d3
24.Rc1c7 Rf8f7
25.Rc7xf7 Kxf7
26.f5 Nd3e5
27.Ne4c5 b6
28.Nc5e6 Rd8d3
29.Ne6f4 Rd3xe3
30.Nf4g2 Re3xh3
31.Rf1f4 Bh4g5
32.Rf4e4 Kf6
33.Kf1 Kxf5
34.Re4d4 Rh3xa3
35.Ng2e1 Ra3a1
36.Ke2 Ra1a2
37.Kf1 Bg5e3
38.Rd4d5 Ke4
39.Rd5d6 Ra2f2
40.Kg1 Rf2f6
41.Kg2 Rf6xd6
42.Kg3 Rd6g6
43.Kh3 Be3f2
44.Ne1c2 Kf3
45.b5 Rg6h6
{ resign }
0-1

[Event "Match"]
[Site "www.echecsemail.com"]
[Date "2018.03.02"]
[Round "1"]
[White "Zack1984"]
[Black "Aiko1603"]
[WhiteElo "1809"]
[BlackElo "2170"]
[Result "0-1"]
[Round "1"]
1.d4 Ng8f6
2.c4 e6
3.Ng1f3 c5
4.d5 exd5
5.cxd5 d6
6.Nb1c3 g6
7.e4 Bf8g7
8.h3 O-O
9.Bf1d3 Nb8d7
10.O-O Nd7e5
 { time }
0-1

[Event "Match"]
[Site "www.echecsemail.com"]
[Date "2018.03.02"]
[Round "1"]
[White "Zack1984"]
[Black "Ericleo1980"]
[WhiteElo "1809"]
[BlackElo "2170"]
[Result "0-1"]
[Round "1"]
1.d4 d5
2.c4 c6
3.e3 e6
4.Ng1f3 Ng8f6
5.Nb1c3 Nb8d7
6.Bf1d3 dxc4
7.Bd3xc4 b5
8.Bc4e2 Bc8b7
9.O-O a6
10.e4 c5
11.e5 Nf6d5
12.a4 b4
13.Nc3xd5 Bb7xd5
 { time }
0-1

[Event "Match"]
[Site "www.echecsemail.com"]
[Date "2018.03.02"]
[Round "1"]
[White "Zack1984"]
[Black "Cal"]
[WhiteElo "1809"]
[BlackElo "1470"]
[Result "0-1"]
[Round "1"]
1.b4 e5
2.Bc1b2 d5
3.Bb2xe5 Nb8c6
4.Be5b2 Bc8g4
5.h3 Bg4h5
6.b5 Nc6a5
7.g4 Bh5g6
8.d3 Ng8e7
9.Bf1g2 h6
10.Ng1f3 b6
11.Nf3h4 Bg6h7
 { time }
0-1

[Event "Match"]
[Site "www.echecsemail.com"]
[Date "2018.03.02"]
[Round "1"]
[White "Zack1984"]
[Black "Gimmyg"]
[WhiteElo "1809"]
[BlackElo "2530"]
[Result "0-1"]
[Round "1"]
1.d4 e6
2.c4 b6
3.Ng1f3 Bc8b7
4.Nb1c3 Ng8f6
5.a3 Bf8e7
6.d5 O-O
7.e4 d6
8.Nf3d4 c5
9.Nd4f3 Nb8d7
10.dxe6 fxe6
11.Nf3g5 Qd8e8
 { time }
0-1

[Event "1/128 Finale"]
[Site "www.chess-mail.com"]
[Date "2018.03.02"]
[Round "1"]
[White "Sefj"]
[Black "Picifarkinca"]
[WhiteElo "1809"]
[BlackElo "1720"]
[Result "0-1"]
[Round "1"]
1.d4 d5
2.Nb1c3 Ng8f6
3.Bc1f4 c6
4.h3 e6
5.g4 Bf8d6
6.Bf4xd6 Qd8xd6
7.e3 e5
8.g5 Nf6e4
9.Nc3xe4 dxe4
10.Bf1g2 Bc8f5
11.c3 exd4
12.exd4 Nb8d7
13.Qd1c2 Qd6g6
14.h4 h5
15.Qc2b3 Nd7b6
16.Ng1e2 O-O-O
17.Ne2f4 Qg6d6
18.Nf4e2 Qd6d5
19.O-O Rh8e8
20.Qb3a3 Kb8
21.Ne2f4 Nb6c4
22.Qa3b3 Qd5d6
23.Nf4xh5 Nc4d2
24.Qb3xf7 Bf5g6
25.Qf7xg7 Bg6xh5
26.Rf1e1 Nd2f3
27.Bg2xf3 Bh5xf3
28.Re1e3 Qd6f4
29.Re3xf3 exf3
30.Kh1 Qf4xh4
31.Kg1 Qh4g4
{ resign }
0-1

[Event "Fast Game"]
[Site "www.echecsemail.com"]
[Date "2018.03.02"]
[Round "1"]
[White "Fegatux"]
[Black "Hennie4820"]
[WhiteElo "1599"]
[BlackElo "1690"]
[Result "1-0"]
[Round "1"]
1.d4 Ng8f6
2.c4 g6
3.Nb1c3 Bf8g7
4.e4 d6
5.Bf1d3 O-O
6.Ng1e2 Nb8d7
7.O-O e5
8.d5 Nd7c5
9.Bd3c2 a5
10.Bc1e3 Nc5a6
11.a3 Nf6e8
12.Qd1d2 f5
13.f4 fxe4
14.Bc2xe4 exf4
15.Rf1xf4 Rf8xf4
16.Ne2xf4 Ne8f6
17.Be4f3 Bc8f5
18.Nf4e6 Bf5xe6
19.dxe6 Ra8b8
20.Ra1e1 Qd8e7
21.Be3g5 b6
22.Nc3d5 Qe7f8
23.e7 Qf8e8
24.Bg5xf6 { resign }
1-0

[Event "Fast Game"]
[Site "www.echecsemail.com"]
[Date "2018.03.02"]
[Round "1"]
[White "Replay"]
[Black "Reda"]
[WhiteElo "1599"]
[BlackElo "1599"]
[Result "0-1"]
[Round "1"]
1.d4 d5
2.c4 Ng8f6
3.cxd5 Nf6xd5
4.e4 Nd5f6
5.e5 Nf6g8
6.Bf1c4 Nb8c6
7.Bc1e3 e6
8.Ng1f3 Bf8b4
 { time }
0-1

[Event "Tourn. n9697"]
[Site "www.chess-mail.com"]
[Date "2018.03.03"]
[Round "1"]
[White "Comrade"]
[Black "Apdash"]
[WhiteElo "2300"]
[BlackElo "2160"]
[Result "1-0"]
[Round "1"]
1.c4 Ng8f6
2.Nb1c3 g6
3.d4 Bf8g7
4.e4 d6
5.Bc1e3 a6
6.Bf1e2 O-O
7.Qd1c2 Nb8c6
8.h3 h6
9.f4 e5
10.d5 exf4
11.Be3xf4 Nc6d4
12.Qc2d2 Nd4xe2
13.Ng1xe2 Kh7
14.g4 Nf6g8
15.O-O Qd8h4
16.Qd2d3 Bc8d7
17.Rf1f3 Ra8b8
18.Kg2 f5
19.Ra1h1 fxe4
20.Nc3xe4 Bg7xb2
21.Rh1f1 Bb2g7
22.Bf4g3 Qh4e7
23.Ne2f4 Bd7e8
24.Nf4e6 Rf8xf3
25.Qd3xf3 b5
26.c5 Bg7e5
27.Bg3xe5 dxe5
28.c6 Be8xc6
29.Qf3f7 Qe7xf7
30.Rf1xf7 Kh8
31.dxc6 a5
32.Rf7xc7 b4
33.Rc7b7 Rb8e8
34.c7 Ng8e7
35.Rb7b8 Ne7c8
36.Ne4d6 Re8xe6
37.Rb8xc8 Kh7
38.Rc8d8 { resign }
1-0

[Event "Tourn. n9670"]
[Site "www.chess-mail.com"]
[Date "2018.03.03"]
[Round "1"]
[White "Seger"]
[Black "Numanoid"]
[WhiteElo "2780"]
[BlackElo "2400"]
[Result "1-0"]
[Round "1"]
1.d4 d5
2.c4 e6
3.e3 Ng8f6
4.Ng1f3 c5
5.a3 a6
6.cxd5 exd5
7.dxc5 Bf8xc5
8.b4 Bc5a7
9.g3 O-O
10.Bf1g2 Nb8c6
11.O-O d4
12.exd4 Bc8g4
13.h3 Bg4xf3
14.Qd1xf3 Qd8xd4
15.Ra1a2 Qd4c4
16.Ra2d2 Ra8d8
17.Bc1b2 Ba7d4
18.Qf3f4 Nf6d5
19.Rd2xd4 Qc4xf1
20.Bg2xf1 Nd5xf4
21.Rd4xf4 Rd8d1
22.Rf4g4 g6
23.Nb1c3 Rd1d2
24.Bb2a1 Nc6d4
25.Rg4f4 g5
26.Nc3e4 gxf4
27.Ne4xd2 fxg3
28.Ba1xd4 { resign }
1-0

[Event "Tourn. n9723"]
[Site "www.chess-mail.com"]
[Date "2018.03.03"]
[Round "1"]
[White "Zack1984"]
[Black "Add"]
[WhiteElo "1809"]
[BlackElo "2100"]
[Result "0-1"]
[Round "1"]
1.b4 d5
2.Bc1b2 a6
3.e3 Nb8c6
4.b5 axb5
5.Bf1xb5 Bc8d7
6.Ng1f3 Ng8f6
7.a4 Nc6a5
8.Nf3e5 Bd7xb5
9.axb5 Na5c4
10.Ra1xa8 Qd8xa8
11.Ne5xc4 dxc4
12.Qd1f3 Qa8a2
 { time }
0-1

[Event "Tourn. n9677"]
[Site "www.chess-mail.com"]
[Date "2018.03.03"]
[Round "1"]
[White "Tartan"]
[Black "Gvladutz"]
[WhiteElo "2550"]
[BlackElo "2490"]
[Result "0-1"]
[Round "1"]
1.e4 c5
2.Ng1f3 Nb8c6
3.d4 cxd4
4.Nf3xd4 Qd8c7
5.Nb1c3 e6
6.Bf1e2 a6
7.O-O Ng8f6
8.Kh1 Nc6xd4
9.Qd1xd4 Bf8c5
10.Qd4d3 h5
11.f4 Nf6g4
12.Nc3d1 d5
13.exd5 exd5
14.b4 Bc5b6
15.Bc1b2 Kf8
16.Nd1c3 Bc8e6
17.Nc3xd5 Be6xd5
18.Qd3xd5 Ra8d8
19.Qd5e4 Ng4f2
20.Rf1xf2 Bb6xf2
21.Ra1f1 Bf2h4
22.Be2f3 b5
23.Bb2e5 Qc7e7
24.Rf1e1 Rh8h6
25.Be5xg7 Kxg7
26.Qe4xe7 Bh4xe7
27.Re1xe7 Rd8d2
28.h4 Rh6f6
29.g3 Rf6g6
30.Bf3xh5 Rg6xg3
31.f5 Rg3h3
32.Kg1 Rh3xh4
33.Re7xf7 Kh6
34.Bh5f3 Rh4xb4
{ resign }
0-1

[Event "Tourn. n9670"]
[Site "www.chess-mail.com"]
[Date "2018.03.03"]
[Round "1"]
[White "Tartan"]
[Black "Seger"]
[WhiteElo "2530"]
[BlackElo "2780"]
[Result "0-1"]
[Round "1"]
1.d4 d5
2.c4 e6
3.Nb1c3 f5
4.Ng1f3 Bf8e7
5.g3 Ng8f6
6.Bf1g2 c6
7.O-O Nb8d7
8.Qd1b3 O-O
9.Bc1f4 Nd7b6
10.cxd5 exd5
11.Nf3e5 Bc8e6
12.Ra1c1 Nf6d7
13.Ne5f3 g5
14.Bf4d2 f4
15.a4 Nb6c4
16.Rc1d1 Rf8e8
17.Bd2c1 Re8f8
18.h4 gxh4
19.Bc1xf4 h3
20.Bg2h1 Rf8xf4
21.gxf4 Qd8f8
22.e3 Nd7f6
23.Qb3xb7 Nc4d6
24.Qb7xc6 Qf8g7
25.Nf3g5 Ra8c8
26.Qc6a6 h6
{ resign }
0-1

[Event "Tourn. n9744"]
[Site "www.chess-mail.com"]
[Date "2018.03.03"]
[Round "1"]
[White "Bira47"]
[Black "Odin"]
[WhiteElo "2040"]
[BlackElo "1850"]
[Result "0-1"]
[Round "1"]
1.c4 e5
2.g3 Ng8f6
3.Bf1g2 Bf8c5
4.e3 c6
5.a3 d5
6.b4 Bc5e7
7.cxd5 cxd5
8.d4 e4
9.Nb1c3 Bc8g4
{ resign }
0-1

[Event "Tourn. n9733"]
[Site "www.chess-mail.com"]
[Date "2018.03.03"]
[Round "1"]
[White "Awfen"]
[Black "Bojan"]
[WhiteElo "2090"]
[BlackElo "1910"]
[Result "0-1"]
[Round "1"]
1.e4 e6
2.Ng1f3 g6
3.Bf1c4 d6
4.d4 h6
5.O-O Bf8g7
6.Nb1c3 Nb8c6
7.Nc3e2 Nc6a5
8.Bc4d3 Ng8e7
9.Bc1d2 c5
10.c3 Bc8d7
11.Ra1b1 Bd7c6
12.Qd1e1 f5
13.c4 fxe4
14.Bd3c2 exf3
15.Ne2f4 fxg2
16.Nf4xg2 Qd8d7
17.Bd2xa5 b6
18.d5 exd5
19.Bc2xg6 Kd8
20.Bg6h5 bxa5
21.Qe1xa5 Qd7c7
22.Qa5d2 dxc4
23.Qd2f4 Ra8b8
24.Ng2e3 Rh8g8
25.Ne3g2 Bg7e5
{ resign }
0-1

[Event "Match"]
[Site "www.echecsemail.com"]
[Date "2018.03.03"]
[Round "1"]
[White "Pwain"]
[Black "Zack1984"]
[WhiteElo "2490"]
[BlackElo "1809"]
[Result "1-0"]
[Round "1"]
1.e4 c5
2.Nb1c3 Nb8c6
3.Ng1f3 d6
4.Bf1c4 Ng8f6
5.O-O e6
6.d4 cxd4
7.Nf3xd4 Bf8e7
8.Bc1e3 O-O
9.a3 a6
10.Bc4e2 Qd8c7
11.f4  { time }
1-0

[Event "Match"]
[Site "www.echecsemail.com"]
[Date "2018.03.03"]
[Round "1"]
[White "Bronstein70"]
[Black "Zack1984"]
[WhiteElo "2470"]
[BlackElo "1809"]
[Result "1-0"]
[Round "1"]
1.e4 c5
2.f4 d5
3.exd5 Ng8f6
4.Nb1c3 Nf6xd5
5.Ng1f3 e6
6.Bf1b5 Bc8d7
7.Bb5c4 Nd5xf4
8.O-O  { time }
1-0

[Event "Match"]
[Site "www.echecsemail.com"]
[Date "2018.03.03"]
[Round "1"]
[White "Zack1984"]
[Black "Pinehill"]
[WhiteElo "1809"]
[BlackElo "2020"]
[Result "0-1"]
[Round "1"]
1.b4 e5
2.Bc1b2 Ng8f6
3.a3 d6
4.e3 Bc8f5
5.Ng1f3 h6
6.c4 Nb8d7
7.d4 Bf8e7
8.dxe5 dxe5
9.Nf3xe5 Nd7xe5
10.Qd1xd8 Ra8xd8
11.Bb2xe5 c6
12.Nb1d2 Bf5d3
13.Bf1xd3 Rd8xd3
 { time }
0-1

[Event "Match"]
[Site "www.echecsemail.com"]
[Date "2018.03.03"]
[Round "1"]
[White "Zack1984"]
[Black "Caroluigi"]
[WhiteElo "1809"]
[BlackElo "1510"]
[Result "0-1"]
[Round "1"]
1.b4 d5
2.Bc1b2 Qd8d6
3.a3 e5
4.e3 Bc8f5
5.Ng1f3 Nb8d7
6.c4 c6
7.cxd5 cxd5
8.Qd1a4 f6
9.Nb1c3 Ng8e7
10.d4 Kf7
11.Nc3b5 Qd6b6
12.dxe5 Nd7xe5
13.Bb2xe5 fxe5
14.Nf3xe5 Kg8
 { time }
0-1

[Event "Match"]
[Site "www.echecsemail.com"]
[Date "2018.03.03"]
[Round "1"]
[White "Silverking"]
[Black "Dalwhite"]
[WhiteElo "2329"]
[BlackElo "1469"]
[Result "1-0"]
[Round "1"]
1.d4 d5
2.c4 c6
3.e3 Ng8f6
4.Ng1f3 Bc8f5
5.Nb1c3 Nb8a6
6.a3 e6
7.b4 b6
8.cxd5 Na6b8
9.dxc6 Nb8xc6
10.Bf1b5 Ra8c8
11.Nf3e5 Qd8d6
12.Qd1a4 Nf6d7
13.Bb5xc6 Ke7
14.Nc3b5 Qd6xc6
15.Ne5xc6 Rc8xc6
16.Nb5xa7 Rc6c2
17.Na7c6 Kf6
18.g4 Bf5d3
19.g5 Kg6
20.Bc1d2 f6
21.gxf6 Nd7xf6
22.Nc6e5 Kf5
23.Ne5xd3 Rc2c6
24.Qa4xc6 { resign }
1-0

[Event "Match"]
[Site "www.echecsemail.com"]
[Date "2018.03.03"]
[Round "1"]
[White "Calponas"]
[Black "Lcbunghai"]
[WhiteElo "2120"]
[BlackElo "2020"]
[Result "0-1"]
[Round "1"]
1.e4 e5
2.Ng1f3 Nb8c6
3.Bf1b5 a6
4.Bb5xc6 dxc6
5.O-O Bc8g4
6.h3 Bg4xf3
7.Qd1xf3 Ng8f6
8.d3 Bf8e7
9.Nb1c3 O-O
10.Bc1e3 b6
11.Ra1d1 a5
12.a3 b5
13.Nc3e2 c5
14.Ne2g3 Nf6d7
15.Be3c1 Be7g5
16.Ng3f5 Bg5xc1
17.Rd1xc1 g6
18.Nf5h6 Kg7
19.Qf3e3 Qd8h4
20.Nh6g4 f5
21.exf5 Rf8xf5
22.Rc1e1 Qh4g5
23.f4 exf4
24.Qe3e7 Qg5xe7
25.Re1xe7 Rf5f7
26.Re7xf7 Kxf7
27.Rf1xf4 Kg7
28.Kf2 Ra8f8
29.Kf3 Rf8xf4
30.Kxf4 h5
31.Ng4e5 g5
32.Kf5 Nd7xe5
33.Kxe5 Kg6
34.Kd5 Kf5
35.Kxc5 Kf4
36.d4 Kg3
37.Kc6 Kxg2
38.d5 Kxh3
39.Kxc7 g4
40.d6 g3
41.d7 g2
42.d8Q g1Q
43.Qd8d7 Kh2
44.Qd7d2 Qg1g2
45.Qd2d3 Qg2g3
46.Qd3d6 Qg3xd6
47.Kxd6 Kg3
48.Kc5 b4
49.axb4 axb4
50.Kxb4 h4
51.c4 h3
52.c5 h2
{ resign }
0-1

[Event "Match"]
[Site "www.echecsemail.com"]
[Date "2018.03.03"]
[Round "1"]
[White "Apdash"]
[Black "Caspito"]
[WhiteElo "2220"]
[BlackElo "1980"]
[Result "1-0"]
[Round "1"]
1.e4 e5
2.Ng1f3 Nb8c6
3.Bf1c4 h6
4.d4 exd4
5.Nf3xd4 Nc6e5
6.Bc4b3 Bf8c5
7.Bc1f4 d6
8.c3 Qd8f6
9.Bf4g3 Bc8e6
10.Nd4xe6 fxe6
11.O-O O-O-O
12.Kh1 h5
13.f4 Ne5g4
14.Qd1e1 Ng8e7
15.Bg3h4 Qf6f7
16.f5 Rh8f8
17.Bb3xe6 { resign }
1-0

[Event "Match"]
[Site "www.echecsemail.com"]
[Date "2018.03.03"]
[Round "1"]
[White "Whitekknight"]
[Black "Jovaras"]
[WhiteElo "1970"]
[BlackElo "1809"]
[Result "1-0"]
[Round "1"]
1.e4 c5
2.Ng1f3 d6
3.d4 cxd4
4.Nf3xd4 Ng8f6
5.Nb1c3 a6
6.Bf1c4 e6
7.Bc1g5 Bf8e7
8.O-O O-O
9.a3 b5
10.Bc4e2 Bc8b7
11.Be2f3 Nb8c6
12.Nd4xc6 Bb7xc6
13.Rf1e1 h6
14.Bg5h4 Nf6h7
15.Bh4xe7 Qd8xe7
16.h3 Nh7g5
17.Bf3g4 Rf8d8
18.Qd1e2 Ra8b8
19.Qe2d3 e5
20.Ra1d1 f6
21.Nc3d5 Bc6xd5
22.Qd3xd5 Kh8
23.h4 Ng5f7
24.Bg4e6 Rb8b7
25.Qd5b3 h5
26.g3 Nf7h6
27.Be6h3 Rb7c7
28.Kh2 Nh6g4
29.Kg1 Rd8c8
30.Re1e2 Rc7c4
31.f3 Ng4h6
32.Bh3xc8 Rc4xc8
33.Qb3d5 Rc8d8
34.Qd5c6 Qe7a7
35.Kg2 Nh6f7
36.Re2d2 Rd8d7
37.Qc6c3 Rd7c7
38.Qc3b3 Kh7
39.Rd2d3 Kh6
40.Rd1d2 Qa7b7
41.Rd3d5 Rc7e7
42.Qb3e3 Kh7
43.Rd2f2 Re7c7
44.f4 Rc7e7
45.f5 Re7c7
46.Qe3e2 Kh6
47.Kh3 Rc7d7
48.g4 hxg4
49.Qe2xg4 Nf7h8
50.Qg4d1 Nh8f7
51.Qd1g1 Nf7h8
52.Rf2g2 Kh7
53.Qg1d1 Qb7c7
54.Rg2d2 Nh8f7
55.Qd1h5 Kg8
56.Rd2g2 Qc7d8
57.Qh5g4 Nf7h6
58.Qg4g6 Kh8
59.Rd5xd6 Qd8c7
60.Qg6e8 { resign }
1-0

[Event "Match"]
[Site "www.echecsemail.com"]
[Date "2018.03.03"]
[Round "1"]
[White "Llord"]
[Black "Zack1984"]
[WhiteElo "2030"]
[BlackElo "1809"]
[Result "1-0"]
[Round "1"]
1.e4 Ng8f6
2.Nb1c3 Nb8c6
3.Ng1f3 e5
4.Bf1c4 Nf6xe4
5.Nc3xe4 d5
6.Bc4d3 dxe4
7.Bd3xe4 Nc6d4
8.O-O f5
9.Be4d5 Qd8xd5
10.Nf3xd4 Qd5xd4
11.c3 Qd4d3
12.Rf1e1 Bf8d6
13.Re1e3  { time }
1-0

[Event "Match"]
[Site "www.echecsemail.com"]
[Date "2018.03.03"]
[Round "1"]
[White "Karlgrocer"]
[Black "Zack1984"]
[WhiteElo "2030"]
[BlackElo "1809"]
[Result "1-0"]
[Round "1"]
1.d4 Ng8f6
2.e3 e6
3.Ng1f3 b6
4.Bf1e2 Bc8b7
5.O-O d5
6.Nb1d2 c5
7.c3 Bf8d6
8.a3 Qd8c7
9.g3 Nb8d7
10.b4 O-O
11.Bc1b2 c4
12.a4 a6
13.Ra1b1 Nf6e4
14.Nd2xe4  { time }
1-0

[Event "Match"]
[Site "www.echecsemail.com"]
[Date "2018.03.03"]
[Round "1"]
[White "Billyg"]
[Black "Zack1984"]
[WhiteElo "1680"]
[BlackElo "1809"]
[Result "1-0"]
[Round "1"]
1.e4 Ng8f6
2.Nb1c3 Nb8c6
3.d4 d5
4.e5 Nf6d7
5.Nc3xd5 Nd7b8
6.Bf1c4 b5
7.Bc4b3 e6
8.Nd5f4 Qd8xd4
9.Qd1xd4 Nc6xd4
10.Bc1e3 Nb8c6
11.O-O-O  { time }
1-0

[Event "Tourn. n9724"]
[Site "www.chess-mail.com"]
[Date "2018.03.04"]
[Round "1"]
[White "Stepanpech"]
[Black "Gvladutz"]
[WhiteElo "2460"]
[BlackElo "2530"]
[Result "0-1"]
[Round "1"]
1.e4 e5
2.Ng1f3 Nb8c6
3.Bf1b5 a6
4.Bb5a4 d6
5.c3 f5
6.exf5 Bc8xf5
7.O-O Bf5d3
8.Rf1e1 Bf8e7
9.Ba4c2 Bd3xc2
10.Qd1xc2 { time. }
0-1

[Event "Tourn. n9704"]
[Site "www.chess-mail.com"]
[Date "2018.03.04"]
[Round "1"]
[White "Iko"]
[Black "Redapond1"]
[WhiteElo "1670"]
[BlackElo "1860"]
[Result "1-0"]
[Round "1"]
1.e4 d5
2.exd5 Qd8xd5
3.c4 Qd5d8
4.Bf1e2 e5
5.b4 Bf8xb4
6.Ng1f3 Nb8c6
7.Qd1b3 Ng8f6
8.Nf3xe5 a5
9.Bc1b2 Nc6d4
10.Bb2xd4 Qd8xd4
11.c5 Qd4xe5
12.Qb3d3 Qe5xa1
13.O-O Qa1xa2
14.Rf1e1 O-O
15.Re1d1 Bc8g4
16.Be2xg4 Nf6xg4
17.Qd3f3 Qa2e6
18.h3 Ng4f6
19.Qf3xb7 Ra8b8
{ time. }
1-0

[Event "Tourn. n9570"]
[Site "www.chess-mail.com"]
[Date "2018.03.04"]
[Round "1"]
[White "Julian"]
[Black "Passaroa25"]
[WhiteElo "1510"]
[BlackElo "1680"]
[Result "1-0"]
[Round "1"]
1.Ng1f3 d6
2.g3 f6
3.Bf1g2 Bc8e6
4.e4 Be6f7
5.d4 Nb8d7
6.O-O Nd7b6
7.b3 Qd8d7
8.Bc1b2 e6
9.Nb1d2 Ng8e7
10.Rf1e1 Ne7g6
11.c4 Bf8e7
12.Qd1e2 O-O
13.Ra1d1 d5
14.exd5 exd5
15.Nd2f1 a6
16.h4 h5
17.Nf1e3 c6
18.c5 Nb6c8
19.Bb2c1 b5
20.Ne3f1 Rf8e8
21.Qe2c2 Nc8a7
22.Nf1e3 Ng6h8
23.Kh2 Bf7g6
24.Qc2b2 Bg6f7
25.Bg2h3 Bf7e6
26.Bh3xe6 Qd7xe6
27.Ne3g2 Qe6g4
28.Nf3g1 Nh8f7
29.f3 Qg4d7
30.Qb2e2 g6
31.g4 hxg4
32.fxg4 Qd7c7
33.Bc1f4 Qc7d7
34.Qe2e6 Qd7xe6
35.Re1xe6 Na7c8
36.Re6xc6 Nc8a7
37.Rc6e6 Ra8c8
38.Re6xa6 Na7c6
39.Ng1f3 Nc6b4
40.Ra6a7 Nb4c6
41.Ra7b7 Nc6b4
42.Rd1d2 Kh7
43.Ng2e3 Nf7d8
44.Rb7xb5 Nd8c6
45.a3 Nb4a6
46.Ne3xd5 Na6c7
47.Nd5xc7 Rc8b8
48.Rb5xb8 Re8xb8
49.b4 Nc6a7
50.Nc7d5 Rb8b7
51.Nd5xe7 Rb7xe7
52.g5 f5
53.Nf3e5 Na7b5
54.a4 Nb5c3
55.d5 Nc3e4
56.Rd2c2 Re7xe5
57.Bf4xe5 Kg8
58.d6 Kf7
59.c6 Ke6
60.d7 Kxe5
61.d8Q Kf4
62.c7 Kg4
63.c8Q Kxh4
64.Qd8h8 Kxg5
65.Rc2g2 Kf4
66.Qc8c7 { resign }
1-0

[Event "Tourn. n9752"]
[Site "www.chess-mail.com"]
[Date "2018.03.04"]
[Round "1"]
[White "Bojan"]
[Black "Louis"]
[WhiteElo "1850"]
[BlackElo "1990"]
[Result "1/2-1/2"]
[Round "1"]
1.c4 Ng8f6
2.b4 e6
3.a3 d5
4.d3 dxc4
5.dxc4 Qd8xd1
6.Kxd1 a5
7.b5 b6
8.f3 Bf8c5
9.Ra1a2 O-O
10.Bc1g5 Nb8d7
11.a4 Bc8b7
12.Ra2d2 c6
13.Nb1c3 cxb5
14.cxb5 Bc5b4
15.Rd2d3 Nd7c5
16.Rd3e3 Rf8d8
17.Kc2 Ra8c8
18.Bg5xf6 gxf6
19.Kb1 Rd8d2
20.f4 Bb4xc3
21.Re3xc3 Bb7e4
22.Ka1 Nc5b3
{ draw }
1/2-1/2

[Event "Tourn. n9731"]
[Site "www.chess-mail.com"]
[Date "2018.03.04"]
[Round "1"]
[White "Libiesse"]
[Black "Caroluigi"]
[WhiteElo "1850"]
[BlackElo "1740"]
[Result "0-1"]
[Round "1"]
1.d4 Ng8f6
2.c4 e6
3.Ng1f3 d5
4.Bc1g5 Bf8e7
5.Nb1c3 O-O
6.e3 h6
7.Bg5h4 b6
8.cxd5 exd5
9.Bf1d3 c6
10.O-O Qd8c7
11.Bh4g3 Be7d6
12.Bg3xd6 Qc7xd6
13.e4 dxe4
14.Nc3xe4 Nf6xe4
15.Bd3xe4 Nb8d7
16.Ra1c1 Bc8b7
17.Qd1d2 Nd7f6
18.Be4b1 Rf8e8
19.Nf3e5 Re8xe5
{ resign }
0-1

[Event "Tourn. n9624"]
[Site "www.chess-mail.com"]
[Date "2018.03.04"]
[Round "1"]
[White "Coolant"]
[Black "Tartan"]
[WhiteElo "2330"]
[BlackElo "2570"]
[Result "0-1"]
[Round "1"]
1.d4 Ng8f6
2.Ng1f3 d5
3.Bc1f4 c6
4.e3 Qd8b6
5.Nb1d2 Nb8d7
6.Nd2b3 a5
7.a4 Nf6h5
8.Bf1d3 Nh5xf4
9.exf4 e6
10.O-O Bf8e7
11.Rf1e1 Nd7f6
12.c3 Nf6h5
13.g3 Nh5f6
14.Qd1c2 O-O
15.Nf3e5 Qb6c7
16.g4 g6
17.Re1e3 b6
18.Re3h3 c5
19.g5 c4
20.gxf6 cxd3
21.Qc2xd3 Be7xf6
22.Nb3d2 Bf6g7
23.Qd3g3 Bc8a6
24.Nd2f3 Ba6e2
25.Ra1e1 Be2xf3
26.Qg3xf3 Ra8d8
27.Kh1 Rf8e8
28.Re1g1 Rd8c8
29.Rh3g3 Kf8
30.h4 Qc7b7
31.h5 b5
32.hxg6 hxg6
33.axb5 Qb7xb5
34.Qf3g4 Bg7xe5
35.fxe5 Ke7
36.Qg4g5 Kd7
37.Qg5f6 Qb5xb2
38.Qf6xf7 Re8e7
39.Qf7f6 a4
40.Rg3xg6 Rc8e8
41.Rg6g7 a3
42.Rg7xe7 Re8xe7
43.Rg1g7 Re7xg7
44.Qf6xg7 Kc6
45.Qg7e7 a2
46.Qe7xe6 Kb5
47.Qe6xd5 Ka4
48.Qd5c4 Ka3
49.Kg2 a1Q
50.e6 Qb2b7
51.d5 Qb7g7
52.Kf3 Qa1h1
{ resign }
0-1

[Event "Tourn. n9686"]
[Site "www.chess-mail.com"]
[Date "2018.03.04"]
[Round "1"]
[White "Apdash"]
[Black "Liencam2"]
[WhiteElo "2250"]
[BlackElo "2290"]
[Result "0-1"]
[Round "1"]
1.e4 c5
2.f4 Nb8c6
3.Ng1f3 g6
4.Bf1c4 Bf8g7
5.O-O e6
6.c3 Ng8e7
7.d4 cxd4
8.cxd4 d5
9.exd5 Ne7xd5
10.Nb1c3 O-O
11.Nf3e5 Qd8b6
12.Nc3xd5 exd5
13.Bc4xd5 Qb6xd4
14.Qd1xd4 Nc6xd4
15.Rf1f2 Ra8b8
16.Bc1e3 Nd4b5
17.a4 Nb5c7
18.Bd5c4 b6
19.Ra1c1 Bg7xe5
20.fxe5 Bc8e6
21.Be3g5 Rb8c8
22.Rf2c2 Nc7d5
23.b3 Nd5b4
24.Bg5e7 Nb4xc2
25.Be7xf8 Kxf8
26.Rc1xc2 Be6xc4
27.bxc4 Rc8c5
28.Kf2 Rc5xe5
29.h3 h5
30.Kf3 Ke7
31.g4 hxg4
32.hxg4 f6
33.Kf4 Re5a5
34.Rc2a2 Kd6
35.Kg3 Kc5
36.Ra2f2 Kxc4
37.Rf2xf6 g5
38.Rf6f5 Kb4
{ resign }
0-1

[Event "Tourn. n9755"]
[Site "www.chess-mail.com"]
[Date "2018.03.04"]
[Round "1"]
[White "Sefj"]
[Black "Fantomas"]
[WhiteElo "2190"]
[BlackElo "2260"]
[Result "0-1"]
[Round "1"]
1.e4 e5
2.Ng1f3 Nb8c6
3.d4 exd4
4.Nf3xd4 Nc6xd4
5.Qd1xd4 Qd8e7
6.Bf1d3 d6
7.O-O Qe7e5
8.Qd4xe5 dxe5
9.Nb1c3 c6
10.Bc1e3 Bc8e6
11.b3 Bf8b4
12.Nc3e2 Ng8e7
13.a3 Bb4d6
14.f4 f6
15.f5 Be6f7
16.g4 h6
17.h4 b6
18.b4 O-O-O
19.Bd3a6 Kb8
20.c4 Bd6c7
21.a4 Bf7e8
22.c5 b5
23.axb5 cxb5
24.Ra1a3 Ne7c6
25.Ba6xb5 Nc6xb4
26.Bb5xe8 Rh8xe8
27.Rf1b1 a5
28.c6 Kc8
29.Rb1xb4 axb4
30.Ra3a8 Bc7b8
31.Be3c5 Kc7
32.Ra8a6 Rd8d2
33.Kf2 Rd2c2
34.Bc5xb4 Rc2xc6
35.Ra6a1 Rc6c4
36.Bb4a5 Kc6
37.Ne2c3 Bb8a7
38.Kf3 Ba7d4
39.Ra1c1 Re8a8
40.Ba5b4 Bd4xc3
41.Bb4e7 Kb5
42.Rc1d1 Bc3b4
43.Rd1b1 Ra8a3
{ resign }
0-1

[Event "Tourn. n9674"]
[Site "www.chess-mail.com"]
[Date "2018.03.04"]
[Round "1"]
[White "Johnmcbride"]
[Black "Prize64"]
[WhiteElo "2070"]
[BlackElo "2150"]
[Result "0-1"]
[Round "1"]
1.e4 c5
2.c4 e6
3.Nb1c3 Nb8c6
4.Ng1e2 a6
5.d3 Ng8f6
6.f4 d6
7.a4 Bf8e7
8.Bc1e3 Qd8c7
9.Qd1d2 Nf6g4
10.g3 Ng4xe3
11.Qd2xe3 Be7f6
12.Kf2 Nc6d4
13.Ra1c1 Nd4xe2
14.Kxe2 Bc8d7
15.Bf1g2 Bf6xc3
16.bxc3 Bd7xa4
17.Bg2f3 O-O
18.h4 Ba4c6
19.Rh1e1 b5
20.Bf3g4 bxc4
21.dxc4 Ra8b8
22.Rc1c2 Rb8b3
23.Qe3d3 Rf8b8
24.Re1a1 Qc7b7
25.Qd3xd6 Bc6xe4
26.Rc2c1 Be4g6
27.Kf2 Rb3b2
28.Bg4e2 Rb2xe2
29.Kxe2 Qb7g2
30.Kd1 Bg6h5
31.g4 Bh5xg4
32.Ke1 Qg2e2

0-1

[Event "Tourn. n9706"]
[Site "www.chess-mail.com"]
[Date "2018.03.04"]
[Round "1"]
[White "Silent1"]
[Black "Attatroll"]
[WhiteElo "1960"]
[BlackElo "1960"]
[Result "0-1"]
[Round "1"]
1.d4 e5
2.dxe5 Nb8c6
3.Ng1f3 Qd8e7
4.e3 Nc6xe5
5.Bf1e2 Ng8f6
6.O-O c6
7.Nf3xe5 Qe7xe5
8.Nb1c3 Bf8b4
9.Bc1d2 O-O
10.a3 Bb4a5
11.b4 Ba5c7
12.g3 d5
13.f4 Qe5d6
14.Be2f3 Rf8e8
15.Nc3a4 Bc8h3
16.Bf3g2 Bh3g4
17.Bg2f3 Bg4xf3
18.Rf1xf3 Nf6e4
19.Bd2e1 Qd6g6
20.Na4c3 Ne4xc3
21.Be1xc3 Qg6e4
22.Bc3d2 Bc7b6
23.c3 Qe4d3
24.a4 Re8e7
25.Kg2 Ra8e8
26.a5 Bb6xe3
27.Bd2xe3 Qd3xd1
28.Ra1xd1 Re7xe3
29.Rf3xe3 Re8xe3
30.Kf2 Re3xc3
31.Rd1b1 Kf8
32.h4 d4
33.g4 d3
34.Ke3 Rc3a3
35.Rb1b2 Ra3c3
36.Kd2 Rc3c4
37.Kxd3 Rc4xf4
{ resign }
0-1

[Event "Tourn. n9629"]
[Site "www.chess-mail.com"]
[Date "2018.03.04"]
[Round "1"]
[White "Bira47"]
[Black "Apdash"]
[WhiteElo "2060"]
[BlackElo "2250"]
[Result "0-1"]
[Round "1"]
1.c4 e5
2.g3 c6
3.Bf1g2 d5
4.b3 Ng8f6
5.Bc1b2 Bf8d6
6.h3 Bc8e6
7.d4 e4
8.e3 Qd8c7
9.Ng1e2 dxc4
10.bxc4 Be6xc4
11.Nb1d2 Bc4d3
12.O-O O-O
13.Rf1e1 Rf8e8
14.Ne2f4 Nb8a6
15.Nf4xd3 exd3
16.e4 Bd6f8
17.e5 Nf6d5
18.Ra1c1 Na6b4
19.a3 Nb4c2
20.Re1e4 Re8e6
21.Nd2f3 f5
22.Re4h4 Bf8e7
23.Rh4h5 g6
24.Nf3g5 Be7xg5
25.Rh5xg5 Qc7e7
26.Qd1h5 Ra8c8
27.Bg2f1 Qe7g7
28.Qh5h4 h6
29.Bf1xd3 hxg5
30.Qh4xg5 Nc2xd4
31.Bb2xd4 Kh7
32.Kg2 Qg7h6
33.Qg5xh6 Kxh6
34.f4 Nd5b6
35.Bd4c5 Rc8d8
36.Bc5xb6 axb6
37.Bd3c4 Re6e7
38.e6 Kg7
39.Rc1c2 Rd8a8
40.Rc2c3 b5
41.Bc4a2 b4
42.Rc3b3 Ra8xa3
43.Rb3xa3 bxa3
44.g4 Kf6
45.g5 Kg7
46.Kf3 Kf8
47.Ke3 Re7h7
48.Kd4 b6
49.Ke5 Ke7
50.h4 Rh7xh4
51.Ba2b1 Rh4h1
52.Bb1xf5 a2
53.Bf5xg6 a1Q
54.Kf5 Qa1a5
55.Kg4 Rh1g1
56.Kh5 Qa5a8
57.Bg6f5 Qa8e8
58.Kh6 Qe8h8
59.Kg6 Qh8f8
 { time }
0-1